[Event "69th POL-ch"]
[Site "Warsaw POL"]
[Date "2012.02.18"]
[Round "1"]
[White "Gajewski, Grzegorz"]
[Black "Leniart, Arkadiusz"]
[Result "1-0"]
[WhiteElo "2616"]
[BlackElo "2455"]
[EventDate "2012.02.18"]
[PlyCount "77"]

1.Nf3 Nf6 2.c4 e6 3.g3 d5 4.Bg2 Nbd7 5.b3 Be7 6.O-O O-O 7.Nc3 Nb6 8.d3 c5 
9.e4 d4 10.Ne2 Nfd7 11.e5 Qc7 12.Bf4 Nb8 13.b4 cxb4 14.Nexd4 Bd7 15.Rc1 
Ba4 16.Qe2 Qd7 17.Nb3 Rd8 18.d4 a5 19.Nc5 Qc7 20.Nxa4 Nxa4 21.d5 exd5 22.
cxd5 Nc3 23.Qd3 Qd7 24.d6 Nc6 25.Rxc3 bxc3 26.Qxc3 Bf8 27.Ng5 h6 28.Bh3 
Qe8 29.Ne4 Kh8 30.Rd1 Nb4 31.a3 Nc6 32.Rd5 Nb8 33.Bxh6 Qc6 34.Qd3 f5 35.
Ng5 gxh6 36.Nf7+ Kg7 37.Nxd8 Qd7 38.e6 Qxd8 39.Rxf5 1-0

[Event "69th POL-ch"]
[Site "Warsaw POL"]
[Date "2012.02.18"]
[Round "1"]
[White "Kuzmicz, Krystian"]
[Black "Markowski, Tomasz"]
[Result "1/2-1/2"]
[WhiteElo "2451"]
[BlackElo "2612"]
[EventDate "2012.02.18"]
[PlyCount "72"]

1.e4 c5 2.Nf3 e6 3.c3 d5 4.exd5 Qxd5 5.d4 Nf6 6.Na3 Nc6 7.Nb5 Qd8 8.dxc5 
Bxc5 9.Qxd8+ Kxd8 10.Bf4 Ne4 11.Rd1+ Ke7 12.Nbd4 Nxd4 13.Nxd4 Rd8 14.Bd3 
Nf6 15.Nb3 Bd6 16.Bxd6+ Rxd6 17.Be2 Rb6 18.Rd2 Bd7 19.Na5 Ne4 20.Rc2 Rc8 
21.Nc4 Ra6 22.Nd2 Ra4 23.b3 Nxd2 24.bxa4 Nc4 25.Bxc4 Rxc4 26.Kd2 Bxa4 27.
Rb2 Bc6 28.Rb4 Rc5 29.Rhb1 Rd5+ 30.Ke3 Re5+ 31.Kd3 b6 32.g3 Rd5+ 33.Ke3 
Re5+ 34.Kd3 Rd5+ 35.Ke3 Re5+ 36.Kd3 Rd5+ 1/2-1/2

[Event "69th POL-ch"]
[Site "Warsaw POL"]
[Date "2012.02.18"]
[Round "1"]
[White "Dragun, Kamil"]
[Black "Mista, Aleksander"]
[Result "0-1"]
[WhiteElo "2420"]
[BlackElo "2587"]
[EventDate "2012.02.18"]
[PlyCount "92"]

1.e4 c6 2.d4 d5 3.Nc3 dxe4 4.Nxe4 Bf5 5.Ng3 Bg6 6.h4 h6 7.Nf3 Nf6 8.Ne5 
Bh7 9.Bd3 Bxd3 10.Qxd3 e6 11.Bf4 Qa5+ 12.c3 Nbd7 13.Ne4 Nxe4 14.Qxe4 Qd5 
15.Qe2 Qxg2 16.O-O-O Nf6 17.Rde1 Qd5 18.Kb1 b5 19.Rhg1 g6 20.Qc2 Rg8 21.
Ka1 Nh5 22.Bd2 Be7 23.Bxh6 Bxh4 24.Bg5 Bxg5 25.Rxg5 Qd6 26.Qe4 Rc8 27.Qf3 
Rc7 28.Nd3 Ng7 29.d5 cxd5 30.Rxd5 Qc6 31.Nb4 Qb7 32.Qe2 a6 33.Red1 Kf8 34.
Rd8+ Ne8 35.Nd5 Rc8 36.Nf6 Rxd8 37.Rxd8 Qh1+ 38.Rd1 Rh8 39.Nxe8 Kxe8 40.f3
Rh2 41.Qd3 Kf8 42.Rb1 Rh5 43.Qd6+ Kg7 44.Qd4+ e5 45.Qe4 Qg2 46.a3 Rf5 0-1

[Event "69th POL-ch"]
[Site "Warsaw POL"]
[Date "2012.02.18"]
[Round "1"]
[White "Tomczak, Jacek"]
[Black "Duda, Jan-Krzysztof"]
[Result "0-1"]
[WhiteElo "2543"]
[BlackElo "2380"]
[EventDate "2012.02.18"]
[PlyCount "90"]

1.e4 e5 2.Nf3 Nc6 3.d4 exd4 4.Nxd4 Bc5 5.Nxc6 Qf6 6.Qf3 bxc6 7.Nd2 d6 8.
Nb3 Bb6 9.Bd2 Qxf3 10.gxf3 Ne7 11.a4 a5 12.Be3 O-O 13.O-O-O Bxe3+ 14.fxe3 
Ng6 15.Nd4 Nh4 16.Be2 Bd7 17.Rhg1 Kh8 18.Rg5 f6 19.Rg3 Rae8 20.Nb3 f5 21.
e5 Rxe5 22.f4 Re7 23.Kd2 c5 24.Rh3 Ng6 25.Rg1 Re6 26.Rhg3 Bxa4 27.Nxa5 Ra8
28.Nc4 d5 29.Ne5 Nxe5 30.fxe5 g6 31.h4 Be8 32.h5 Rxe5 33.Rh1 Kg7 34.Rh4 
Bf7 35.hxg6 hxg6 36.Rgh3 Kf6 37.b4 c4 38.Bd1 Ree8 39.Kc3 Reb8 40.Rh7 Ra4 
41.Bf3 c6 42.Rh1 Raxb4 43.e4 Ra4 44.Rf1 dxe4 45.Bxe4 c5 0-1

[Event "69th POL-ch"]
[Site "Warsaw POL"]
[Date "2012.02.19"]
[Round "2"]
[White "Macieja, Bartlomiej"]
[Black "Swiercz, Dariusz"]
[Result "1-0"]
[WhiteElo "2617"]
[BlackElo "2583"]
[EventDate "2012.02.18"]
[PlyCount "103"]

1.c4 f5 2.g3 Nf6 3.Bg2 g6 4.d3 Bg7 5.e4 d6 6.exf5 gxf5 7.d4 e5 8.dxe5 dxe5
9.Qxd8+ Kxd8 10.Nc3 Nc6 11.Bg5 h6 12.Bh4 Bd7 13.Nd5 Rf8 14.O-O-O Kc8 15.
Nxf6 Bxf6 16.Bxf6 Rxf6 17.Ne2 a5 18.Nc3 a4 19.Rhe1 Ra5 20.Rd5 Rxd5 21.cxd5
Nb4 22.Bf1 e4 23.Rd1 Na6 24.Bxa6 Rxa6 25.a3 Rd6 26.Kd2 c5 27.Ke3 Rb6 28.
Rd2 Kc7 29.Kf4 Rb3 30.Ke5 b5 31.Rc2 Kd8 32.Ne2 b4 33.axb4 cxb4 34.Nd4 Rd3 
35.Rc5 a3 36.bxa3 b3 37.Nc6+ Bxc6 38.Rxc6 Rf3 39.Rb6 Rxf2 40.Rxb3 Rf3 41.
Rb8+ Kd7 42.d6 e3 43.Rb7+ Kc6 44.Rc7+ Kb5 45.d7 e2 46.d8=Q e1=Q+ 47.Kf6 
Qe3 48.Qd5+ Ka4 49.Rc4+ Kxa3 50.Qa5+ Kb2 51.Qb5+ Qb3 52.Rb4 1-0

[Event "69th POL-ch"]
[Site "Warsaw POL"]
[Date "2012.02.19"]
[Round "2"]
[White "Kolosowski, Mateusz"]
[Black "Gajewski, Grzegorz"]
[Result "0-1"]
[WhiteElo "2439"]
[BlackElo "2616"]
[EventDate "2012.02.18"]
[PlyCount "128"]

1.e4 c5 2.c3 e6 3.d4 d5 4.exd5 exd5 5.Nf3 Nc6 6.g3 Bd6 7.Bg2 Nge7 8.O-O 
O-O 9.dxc5 Bxc5 10.Nbd2 Nf5 11.Nb3 Bb6 12.Bf4 Be6 13.Qd3 h6 14.Rfe1 g5 15.
Be5 Nxe5 16.Rxe5 Qf6 17.Rae1 Rae8 18.Nfd4 Nd6 19.R5e2 a5 20.Kh1 Bg4 21.
Rxe8 Rxe8 22.Rxe8+ Nxe8 23.h3 Bd7 24.Kg1 Nd6 25.Nd2 Kg7 26.Nf1 Nf5 27.
Nxf5+ Bxf5 28.Qf3 Be4 29.Qxf6+ Kxf6 30.Nd2 Bxg2 31.Kxg2 d4 32.Nc4 dxc3 33.
bxc3 Bc7 34.Kf3 Ke6 35.Ke4 f5+ 36.Kd3 h5 37.a4 g4 38.hxg4 hxg4 39.Kd4 Bb8 
40.Kd3 Bc7 41.Kd4 Bb8 42.Kd3 Ba7 43.Ke2 b5 44.axb5 a4 45.f3 gxf3+ 46.Kxf3 
Kd5 47.b6 Bb8 48.Na3 Kc6 49.g4 fxg4+ 50.Kxg4 Kxb6 51.Kf3 Bd6 52.Nb1 Kb5 
53.Ke2 Kc4 54.Kd2 Kb3 55.Kd3 Kb2 56.Nd2 Be7 57.Nc4+ Kc1 58.Kd4 Kc2 59.Ne3+
Kb3 60.Kd3 a3 61.Nc2 a2 62.c4 Bc5 63.Na1+ Kb2 64.Nc2 Bb4 0-1

[Event "69th POL-ch"]
[Site "Warsaw POL"]
[Date "2012.02.19"]
[Round "2"]
[White "Duda, Jan-Krzysztof"]
[Black "Miton, Kamil"]
[Result "1/2-1/2"]
[WhiteElo "2380"]
[BlackElo "2623"]
[EventDate "2012.02.18"]
[PlyCount "75"]

1.e4 e5 2.Nf3 Nc6 3.Bb5 a6 4.Ba4 d6 5.O-O Bd7 6.c3 g6 7.d4 Bg7 8.d5 Nce7 
9.c4 h6 10.Nc3 f5 11.Bxd7+ Qxd7 12.Qe2 Nf6 13.Ne1 O-O 14.f3 g5 15.Nd3 Ng6 
16.exf5 Qxf5 17.g3 Rf7 18.Bd2 Raf8 19.Nf2 Ne7 20.Nfe4 Qd7 21.Qd3 g4 22.
fxg4 Qxg4 23.Nxf6+ Rxf6 24.Qe4 Qh5 25.Rxf6 Rxf6 26.Qg2 Qg4 27.Qe4 Qh5 28.
Qg2 Qg6 29.Ne4 Rf7 30.Rf1 Rxf1+ 31.Kxf1 c6 32.Nc3 Qc2 33.Be1 Qf5+ 34.Qf2 
Qh3+ 35.Qg2 Qf5+ 36.Qf2 Qh3+ 37.Qg2 Qf5+ 38.Qf2 1/2-1/2

[Event "69th POL-ch"]
[Site "Warsaw POL"]
[Date "2012.02.19"]
[Round "2"]
[White "Socko, Bartosz"]
[Black "Kuzmicz, Krystian"]
[Result "1/2-1/2"]
[WhiteElo "2636"]
[BlackElo "2451"]
[EventDate "2012.02.18"]
[PlyCount "119"]

1.d4 d5 2.c4 Bf5 3.Nc3 e6 4.Nf3 Nc6 5.cxd5 exd5 6.Bf4 Nf6 7.e3 Bb4 8.Bb5 
O-O 9.O-O Ne7 10.Qb3 Bxc3 11.bxc3 Ng6 12.Bg5 c6 13.Be2 Rb8 14.Ne5 Qe7 15.
g4 Be6 16.Qc2 Rbd8 17.h3 h6 18.Bxf6 Qxf6 19.f4 Qh4 20.Kg2 Nxe5 21.dxe5 f5 
22.exf6 Qxf6 23.Bd3 Rfe8 24.Rae1 c5 25.Qd2 Bf7 26.Kg3 Bg6 27.f5 Bf7 28.h4 
Qd6+ 29.Kh3 d4 30.cxd4 cxd4 31.e4 Rc8 32.Rf3 Rc3 33.Ref1 Ra3 34.Bb1 Rc8 
35.Kg2 Rcc3 36.Rxc3 Rxc3 37.Rf3 Qb6 38.Bd3 Qa5 39.Kg3 Qxa2 40.Qxa2 Bxa2 
41.Kf4 Bb3 42.Ke5 Bd1 43.Rg3 Be2 44.Kxd4 Rxd3+ 45.Rxd3 Bxd3 46.Kxd3 b5 47.
e5 Kf7 48.h5 b4 49.Kd4 a5 50.Kc4 Ke7 51.g5 Kf7 52.g6+ Ke7 53.Kb3 Kf8 54.
Kc4 Ke7 55.Kb3 Kf8 56.f6 gxf6 57.exf6 Ke8 58.Kc4 Kf8 59.Kd4 b3 60.Ke4 
1/2-1/2

[Event "69th POL-ch"]
[Site "Warsaw POL"]
[Date "2012.02.19"]
[Round "2"]
[White "Markowski, Tomasz"]
[Black "Bulski, Krzysztof"]
[Result "1/2-1/2"]
[WhiteElo "2612"]
[BlackElo "2523"]
[EventDate "2012.02.18"]
[PlyCount "132"]

1.g3 Nf6 2.Bg2 d5 3.Nf3 g6 4.c4 Bg7 5.Qa4+ c6 6.cxd5 Nxd5 7.O-O O-O 8.Nc3 
Nd7 9.Nxd5 cxd5 10.d4 Nb6 11.Qb4 Bg4 12.Bg5 Re8 13.Rac1 Bxf3 14.Bxf3 Qd7 
15.b3 e6 16.Be3 Bf8 17.Qa5 Bd6 18.Bd2 f5 19.e3 Nc8 20.Be2 a6 21.Rc2 Ne7 
22.b4 Rec8 23.Rxc8+ Rxc8 24.b5 Bc7 25.Qa3 a5 26.Rc1 b6 27.f3 Bd6 28.Rxc8+ 
Nxc8 29.Qb3 Be7 30.Qc2 Bd8 31.Kg2 Nd6 32.a4 Qc7 33.Qc6 Kf7 34.Bc1 Nc8 35.
Qxc7+ Bxc7 36.Bd3 Nd6 37.Kf2 Ke8 38.h3 Kd7 39.g4 Bd8 40.Ke2 Bf6 41.Bd2 Bh4
42.Bc3 Kc7 43.Kd2 Kd7 44.Bf1 Kc7 45.Kd3 Kd7 46.Bg2 Bg3 47.Bd2 Nc4 48.Bc1 
Nd6 49.e4 f4 50.h4 Nc4 51.exd5 exd5 52.g5 Ne3 53.Bh3+ Kc7 54.h5 Bh4 55.
Bxe3 fxe3 56.f4 gxh5 57.Kxe3 Kd6 58.Bf5 h6 59.gxh6 Bf6 60.Bh3 Ke7 61.h7 
Kd6 62.Bg2 h4 63.f5 Bg7 64.Kf4 Bxd4 65.Kg5 Ke7 66.Kxh4 Bf6+ 1/2-1/2

[Event "69th POL-ch"]
[Site "Warsaw POL"]
[Date "2012.02.19"]
[Round "2"]
[White "Piorun, Kacper"]
[Black "Kempinski, Robert"]
[Result "0-1"]
[WhiteElo "2520"]
[BlackElo "2610"]
[EventDate "2012.02.18"]
[PlyCount "80"]

1.d4 d5 2.c4 c6 3.Nc3 Nf6 4.e3 g6 5.Nf3 Bg7 6.Be2 O-O 7.O-O a6 8.h3 Ne4 9.
Qb3 Nxc3 10.bxc3 dxc4 11.Bxc4 c5 12.Qa3 cxd4 13.cxd4 Nc6 14.Bb2 Bf5 15.
Rac1 Rc8 16.Rfd1 Qb6 17.Bc3 a5 18.g4 Nb4 19.Bxb4 axb4 20.Qb3 Bd7 21.Ne5 
Bxe5 22.dxe5 Bc6 23.Rd4 e6 24.Rb1 Qa5 25.f4 b5 26.Bf1 Bd5 27.Qxb4 Qxa2 28.
Rd2 Rc2 29.Rb2 Rxb2 30.Rxb2 Qa7 31.Kf2 Rb8 32.Qd6 Rc8 33.Bxb5 Qa1 34.Re2 
Qh1 35.Kg3 h6 36.Qe7 Qg1+ 37.Kh4 Bf3 38.Be8 Rxe8 39.Qxe8+ Kg7 40.f5 g5+ 
0-1

[Event "69th POL-ch"]
[Site "Warsaw POL"]
[Date "2012.02.19"]
[Round "2"]
[White "Leniart, Arkadiusz"]
[Black "Tomczak, Jacek"]
[Result "1/2-1/2"]
[WhiteElo "2455"]
[BlackElo "2543"]
[EventDate "2012.02.18"]
[PlyCount "71"]

1.d4 Nf6 2.c4 g6 3.Nc3 d5 4.cxd5 Nxd5 5.Bd2 Bg7 6.e4 Nb6 7.Be3 O-O 8.h3 e5
9.Nf3 exd4 10.Bxd4 Be6 11.Bxg7 Kxg7 12.Qc1 c5 13.Be2 Nc6 14.O-O Nd4 15.
Nxd4 cxd4 16.Rd1 Qf6 17.Nb5 Rfd8 18.b3 a6 19.Na3 Nd7 20.Nc4 b5 21.Nb2 Rac8
22.Qd2 Rc3 23.Nd3 Ne5 24.f4 Nxd3 25.Bxd3 Qh4 26.Qf2 Qxf2+ 27.Kxf2 f5 28.
exf5 Bxf5 29.Bxf5 gxf5 30.Rd2 Kf6 31.Rad1 d3 32.Ke3 Re8+ 33.Kf3 Rd8 34.Ke3
Re8+ 35.Kf3 Rd8 36.Ke3 1/2-1/2

[Event "69th POL-ch"]
[Site "Warsaw POL"]
[Date "2012.02.19"]
[Round "2"]
[White "Dragun, Kamil"]
[Black "Jaracz, Pawel"]
[Result "1-0"]
[WhiteElo "2420"]
[BlackElo "2542"]
[EventDate "2012.02.18"]
[PlyCount "83"]

1.e4 c6 2.d4 d5 3.Nc3 dxe4 4.Nxe4 Bf5 5.Ng3 Bg6 6.h4 h6 7.Nf3 Nd7 8.h5 Bh7
9.Bd3 Bxd3 10.Qxd3 e6 11.Bf4 Qa5+ 12.Bd2 Bb4 13.c3 Be7 14.c4 Qc7 15.O-O-O 
Ngf6 16.Rhe1 O-O 17.Nf5 Bd6 18.Nxd6 Qxd6 19.g4 b5 20.g5 hxg5 21.Nxg5 bxc4 
22.Qc2 Rfe8 23.Rg1 c3 24.Bxc3 Qf4+ 25.Kb1 Qf5 26.Qxf5 exf5 27.h6 Nd5 28.
h7+ Kh8 29.Nxf7+ Kxh7 30.Rd3 Rab8 31.Rh3+ Kg8 32.Nh6+ Kf8 33.Nxf5 Nxc3+ 
34.Rxc3 Re2 35.Rc2 Rbe8 36.Rxg7 Rxc2 37.Kxc2 Nf6 38.Rxa7 Re2+ 39.Kb3 Rxf2 
40.Ne7 Rf3+ 41.Kc4 Rf2 42.b3 1-0

[Event "69th POL-ch"]
[Site "Warsaw POL"]
[Date "2012.02.19"]
[Round "2"]
[White "Hnydiuk, Aleksander"]
[Black "Sieciechowicz, Marcin"]
[Result "1-0"]
[WhiteElo "2409"]
[BlackElo "2459"]
[EventDate "2012.02.18"]
[PlyCount "61"]

1.d4 Nf6 2.c4 g6 3.Nc3 d5 4.cxd5 Nxd5 5.g3 Bg7 6.Bg2 Nxc3 7.bxc3 O-O 8.Nf3
c5 9.O-O Nc6 10.Be3 Na5 11.dxc5 Bxc3 12.Rc1 Bf6 13.Qa4 Bd7 14.Qf4 Nc6 15.
Rfd1 Qc8 16.Qh6 Bg7 17.Qh4 f6 18.Nd4 Nxd4 19.Qxd4 Bc6 20.Bd5+ e6 21.Bxc6 
Qxc6 22.Qb4 Rf7 23.Rd6 Qe8 24.Qb3 Re7 25.c6 b6 26.c7 Rc8 27.Qd3 Qf7 28.
Rd8+ Re8 29.Rxc8 Rxc8 30.Qd8+ Qf8 31.Rd1 1-0

[Event "69th POL-ch"]
[Site "Warsaw POL"]
[Date "2012.02.20"]
[Round "3"]
[White "Bartel, Mateusz"]
[Black "Macieja, Bartlomiej"]
[Result "1/2-1/2"]
[WhiteElo "2658"]
[BlackElo "2617"]
[EventDate "2012.02.18"]
[PlyCount "80"]

1.d4 Nf6 2.Nf3 d5 3.g3 c5 4.Bg2 cxd4 5.O-O g6 6.Nxd4 Bg7 7.c4 O-O 8.Na3 
Nc6 9.cxd5 Nxd5 10.Nxc6 bxc6 11.Qa4 Qb6 12.e4 Qb4 13.Qxc6 Nb6 14.Nc2 Qa5 
15.e5 Ba6 16.Rd1 Rac8 17.Qe4 Qxe5 18.Qxe5 Bxe5 19.Nb4 Bb5 20.Be3 Bxb2 21.
Rab1 Bf6 22.Bxb6 axb6 23.Nd5 Bc4 24.Nxb6 Bxa2 25.Nxc8 Bxb1 26.Nxe7+ Bxe7 
27.Rxb1 Rd8 28.Rb2 h5 29.h4 Rd7 30.Bc6 Rc7 31.Rb7 Rxb7 32.Bxb7 Kg7 33.Kg2 
Bc5 34.Bc6 Bb6 35.Bb5 Ba7 36.Bc6 Bd4 37.Bb5 Bc5 38.Bc6 Bb6 39.Bb5 Ba7 40.
Bc6 Bd4 1/2-1/2

[Event "69th POL-ch"]
[Site "Warsaw POL"]
[Date "2012.02.20"]
[Round "3"]
[White "Mista, Aleksander"]
[Black "Duda, Jan-Krzysztof"]
[Result "1-0"]
[WhiteElo "2587"]
[BlackElo "2380"]
[EventDate "2012.02.18"]
[PlyCount "69"]

1.c4 e5 2.Nc3 Nc6 3.Nf3 Nf6 4.g3 g6 5.d4 exd4 6.Nxd4 Bg7 7.Nxc6 bxc6 8.Bg2
O-O 9.O-O Rb8 10.Qa4 a6 11.Qa5 Bb7 12.Rd1 d6 13.c5 Nd5 14.Nxd5 cxd5 15.
Bxd5 Bxd5 16.Rxd5 Rb5 17.Qxa6 Qb8 18.a4 Rxc5 19.Rxc5 dxc5 20.a5 Rd8 21.Qc6
Bxb2 22.Rb1 Qb3 23.Bg5 Rd6 24.Qa8+ Kg7 25.Be7 Rd1+ 26.Kg2 g5 27.Qf8+ Kg6 
28.Qg8+ Kf5 29.Rxd1 Qxd1 30.Qxf7+ Ke4 31.Qe6+ Be5 32.Bf6 Qd6 33.Qxe5+ Qxe5
34.Bxe5 Kxe5 35.a6 1-0

[Event "69th POL-ch"]
[Site "Warsaw POL"]
[Date "2012.02.20"]
[Round "3"]
[White "Swiercz, Dariusz"]
[Black "Socko, Bartosz"]
[Result "1/2-1/2"]
[WhiteElo "2583"]
[BlackElo "2636"]
[EventDate "2012.02.18"]
[PlyCount "98"]

1.e4 e5 2.Bc4 Nf6 3.d3 c6 4.Nf3 d5 5.Bb3 Bd6 6.Nc3 Bc7 7.Bg5 d4 8.Ne2 h6 
9.Bd2 c5 10.Ng3 Nc6 11.O-O Ne7 12.Nh4 g5 13.Qf3 Ng6 14.Nhf5 Nh4 15.Qe2 
Nxf5 16.Nxf5 Bxf5 17.exf5 Qd7 18.a4 O-O-O 19.a5 a6 20.Bc4 Qxf5 21.Bxf7 e4 
22.Rae1 Kb8 23.g3 Rhf8 24.Bc4 Rde8 25.dxe4 Qxe4 26.Qd3 Qxd3 27.Bxd3 Ng4 
28.Rxe8+ Rxe8 29.Kg2 Rf8 30.b4 cxb4 31.Bxb4 Rf7 32.Bc5 Ne5 33.Be4 Rd7 34.
Rd1 d3 35.cxd3 Bxa5 36.f4 gxf4 37.gxf4 Rg7+ 38.Kf2 Ng4+ 39.Ke2 Nxh2 40.f5 
Ng4 41.Rg1 h5 42.Rh1 Nf6 43.Bd4 Rf7 44.Rb1 Ng4 45.Rh1 Nf6 46.Rb1 Ng4 47.
Rh1 Bd8 48.Rb1 a5 49.Rb2 Ka8 1/2-1/2

[Event "69th POL-ch"]
[Site "Warsaw POL"]
[Date "2012.02.20"]
[Round "3"]
[White "Miton, Kamil"]
[Black "Kolosowski, Mateusz"]
[Result "1-0"]
[WhiteElo "2623"]
[BlackElo "2439"]
[EventDate "2012.02.18"]
[PlyCount "75"]

1.d4 Nf6 2.c4 g6 3.Nc3 d5 4.Nf3 Bg7 5.Qa4+ Bd7 6.Qb3 dxc4 7.Qxc4 O-O 8.Bf4
c6 9.e4 b5 10.Qb3 Be6 11.Qc2 Qa5 12.Bd2 Qb6 13.Be2 Na6 14.O-O Rac8 15.h3 
c5 16.d5 Bd7 17.Be3 b4 18.Nb1 Bb5 19.Bxb5 Qxb5 20.a4 bxa3 21.Nxa3 Nb4 22.
Qb1 Qd3 23.Nd2 a6 24.Nac4 Qxb1 25.Rfxb1 Nd7 26.Ra4 f5 27.f3 fxe4 28.fxe4 
Nc2 29.Bg5 Bd4+ 30.Kh1 Rf2 31.Bxe7 Re2 32.Rxa6 Ne1 33.Rd6 Ne5 34.Nxe5 Bxe5
35.Re6 Bg3 36.Nf1 Bf4 37.d6 Nd3 38.d7 1-0

[Event "69th POL-ch"]
[Site "Warsaw POL"]
[Date "2012.02.20"]
[Round "3"]
[White "Kempinski, Robert"]
[Black "Markowski, Tomasz"]
[Result "1/2-1/2"]
[WhiteElo "2610"]
[BlackElo "2612"]
[EventDate "2012.02.18"]
[PlyCount "55"]

1.d4 Nf6 2.c4 e6 3.Nc3 d5 4.Nf3 dxc4 5.e4 Bb4 6.Bg5 c5 7.Bxc4 cxd4 8.Nxd4 
Bxc3+ 9.bxc3 Qa5 10.Bxf6 Qxc3+ 11.Kf1 gxf6 12.Rc1 Qa5 13.Bb5+ Ke7 14.e5 
fxe5 15.Qh5 Nd7 16.Qg5+ Kf8 17.Qh6+ Ke7 18.Qg5+ Kf8 19.Rxc8+ Rxc8 20.Bxd7 
Qd8 21.Nxe6+ fxe6 22.Qh6+ Kf7 23.Qxe6+ Kf8 24.Qh6+ Kf7 25.Qe6+ Kf8 26.Qh6+
Kf7 27.Qe6+ Kf8 28.Qh6+ 1/2-1/2

[Event "69th POL-ch"]
[Site "Warsaw POL"]
[Date "2012.02.20"]
[Round "3"]
[White "Kuzmicz, Krystian"]
[Black "Moranda, Wojciech"]
[Result "1/2-1/2"]
[WhiteElo "2451"]
[BlackElo "2568"]
[EventDate "2012.02.18"]
[PlyCount "80"]

1.c4 Nf6 2.g3 g6 3.Bg2 Bg7 4.Nc3 O-O 5.Nf3 d6 6.O-O e5 7.d3 a6 8.Rb1 h6 9.
b4 c6 10.a4 Be6 11.b5 axb5 12.axb5 Nbd7 13.Bb2 Re8 14.Ra1 d5 15.Nd2 Qe7 
16.Qc2 Rec8 17.bxc6 bxc6 18.Rxa8 Rxa8 19.Ra1 Rxa1+ 20.Bxa1 Qc5 21.cxd5 
cxd5 22.Qb1 Bf8 23.Nb3 Qb4 24.d4 e4 25.e3 h5 26.Nd2 Nb6 27.Qxb4 Bxb4 28.
Nb3 Nfd7 29.Na2 Bd6 30.Bc3 Kf8 31.Bb4 Bxb4 32.Nxb4 Ke7 33.Bf1 Kd6 34.Bb5 
Nf6 35.Nc5 Bd7 36.Be2 Bg4 37.Bb5 Bd7 38.Be2 Bg4 39.Bb5 Bd7 40.Be2 Bg4 
1/2-1/2

[Event "69th POL-ch"]
[Site "Warsaw POL"]
[Date "2012.02.20"]
[Round "3"]
[White "Leniart, Arkadiusz"]
[Black "Olszewski, Michal"]
[Result "1-0"]
[WhiteElo "2455"]
[BlackElo "2539"]
[EventDate "2012.02.18"]
[PlyCount "99"]

1.e4 c5 2.Nf3 d6 3.d4 cxd4 4.Nxd4 Nf6 5.Nc3 a6 6.Bg5 e6 7.f4 h6 8.Bxf6 
Qxf6 9.Qd2 Nc6 10.Nf3 Qd8 11.O-O-O Qa5 12.Bc4 Bd7 13.Rhe1 O-O-O 14.Bb3 Kb8
15.Kb1 Bc8 16.Qf2 Qc5 17.Qd2 Na5 18.Na4 Qc7 19.Re3 b5 20.Rc3 Qa7 21.Rxc8+ 
Rxc8 22.Qxa5 bxa4 23.Qxa4 Qb7 24.f5 exf5 25.exf5 Be7 26.Bd5 Qb5 27.Qxb5+ 
axb5 28.Nd4 Bf6 29.Nxb5 Be5 30.Rd3 Rc5 31.c4 Bxh2 32.Rb3 Kc8 33.Ra3 Re8 
34.Ra8+ Kd7 35.Rxe8 Kxe8 36.a4 Ke7 37.a5 Bg1 38.b4 Rc8 39.Kc2 Rb8 40.Kb3 
g6 41.Ka4 Kd7 42.a6 Rb6 43.Ka5 gxf5 44.Nc3 Rb8 45.c5 dxc5 46.a7 Rd8 47.b5 
Bf2 48.b6 c4 49.Ka6 Be1 50.b7 1-0

[Event "69th POL-ch"]
[Site "Warsaw POL"]
[Date "2012.02.20"]
[Round "3"]
[White "Jaracz, Pawel"]
[Black "Sieciechowicz, Marcin"]
[Result "1/2-1/2"]
[WhiteElo "2542"]
[BlackElo "2459"]
[EventDate "2012.02.18"]
[PlyCount "52"]

1.e4 e6 2.d4 d5 3.Nd2 Nf6 4.e5 Nfd7 5.c3 c5 6.Bd3 Nc6 7.Ne2 cxd4 8.cxd4 f6
9.exf6 Nxf6 10.O-O Bd6 11.Nf3 Qc7 12.Bd2 O-O 13.Ng3 e5 14.dxe5 Nxe5 15.Be2
Neg4 16.Qb3 Qb6 17.Qxb6 axb6 18.h3 Nxf2 19.Kxf2 Ne4+ 20.Nxe4 dxe4 21.Bc3 
exf3 22.Bxf3 Bc5+ 23.Kg3 Bd6+ 24.Kf2 Bc5+ 25.Kg3 Bd6+ 26.Kf2 Bc5+ 1/2-1/2

[Event "69th POL-ch"]
[Site "Warsaw POL"]
[Date "2012.02.21"]
[Round "4"]
[White "Macieja, Bartlomiej"]
[Black "Gajewski, Grzegorz"]
[Result "1-0"]
[WhiteElo "2617"]
[BlackElo "2616"]
[EventDate "2012.02.18"]
[PlyCount "81"]

1.c4 Nf6 2.Nc3 e6 3.Nf3 d5 4.d4 Bb4 5.Bg5 Nbd7 6.cxd5 exd5 7.Rc1 O-O 8.Qc2
h6 9.Bh4 c5 10.e3 Qa5 11.a3 Bxc3+ 12.Qxc3 Qxc3+ 13.bxc3 c4 14.Nd2 Re8 15.
Be2 b5 16.a4 bxa4 17.Bd1 g5 18.Bg3 Nb6 19.h4 Bf5 20.hxg5 hxg5 21.Ra1 Kg7 
22.Be5 Nd7 23.Bg3 Rh8 24.Rg1 Nh5 25.Bd6 Rh6 26.g4 Bd3 27.Bc7 Nhf6 28.Rxa4 
Ne4 29.Nxe4 dxe4 30.Ra5 f6 31.Ba4 Nf8 32.Bc6 Rc8 33.Rxa7 Kh8 34.d5 Ng6 35.
d6 Rh7 36.d7 Rg8 37.Kd2 Nh4 38.Kc1 Nf3 39.Rd1 Re7 40.Kb2 Ne5 41.Bxe5 1-0

[Event "69th POL-ch"]
[Site "Warsaw POL"]
[Date "2012.02.21"]
[Round "4"]
[White "Hnydiuk, Aleksander"]
[Black "Miton, Kamil"]
[Result "0-1"]
[WhiteElo "2409"]
[BlackElo "2623"]
[EventDate "2012.02.18"]
[PlyCount "50"]

1.d4 Nf6 2.c4 c5 3.d5 b5 4.cxb5 a6 5.e3 axb5 6.Bxb5 Bb7 7.Nc3 Qa5 8.Ne2 
Nxd5 9.O-O Nc7 10.Bc4 e6 11.e4 Be7 12.Bf4 O-O 13.Qd3 Rd8 14.Qg3 d6 15.Rad1
Ba6 16.Bxa6 Qxa6 17.Bh6 Ne8 18.Be3 Nc6 19.f4 d5 20.exd5 exd5 21.Nxd5 Qxe2 
22.Rd2 Qh5 23.f5 Bd6 24.Bf4 Nd4 25.Rff2 Bxf4 0-1

[Event "69th POL-ch"]
[Site "Warsaw POL"]
[Date "2012.02.21"]
[Round "4"]
[White "Mista, Aleksander"]
[Black "Bulski, Krzysztof"]
[Result "1/2-1/2"]
[WhiteElo "2587"]
[BlackElo "2523"]
[EventDate "2012.02.18"]
[PlyCount "88"]

1.c4 Nf6 2.Nc3 d5 3.cxd5 Nxd5 4.g3 g6 5.Bg2 Nb6 6.d3 Bg7 7.Be3 Nc6 8.Qd2 
Nd4 9.Rc1 Nf5 10.Bc5 O-O 11.Nf3 c6 12.O-O Re8 13.Qc2 Nd7 14.Ba3 Nd6 15.e4 
Nf8 16.e5 Nf5 17.Ne2 Ne6 18.b3 Nfd4 19.Nexd4 Nxd4 20.Nxd4 Qxd4 21.Bb2 Qb6 
22.h4 Bf5 23.Be4 Bxe4 24.dxe4 e6 25.Kg2 Rad8 26.Rcd1 Bf8 27.f4 Rxd1 28.
Rxd1 Rd8 29.Kf3 c5 30.Bc1 Rxd1 31.Qxd1 Qa6 32.Qe2 Qc6 33.Qd3 Be7 34.a4 Kf8
35.Ke2 Ke8 36.Be3 a6 37.a5 Qb5 38.Bd2 Bd8 39.Ke3 Bc7 40.Be1 h5 41.Qc4 Kd7 
42.Bc3 Kc6 43.f5 Qxc4 44.bxc4 b5 1/2-1/2

[Event "69th POL-ch"]
[Site "Warsaw POL"]
[Date "2012.02.21"]
[Round "4"]
[White "Socko, Bartosz"]
[Black "Leniart, Arkadiusz"]
[Result "1-0"]
[WhiteElo "2636"]
[BlackElo "2455"]
[EventDate "2012.02.18"]
[PlyCount "83"]

1.c4 e5 2.g3 Nc6 3.Bg2 g6 4.Nc3 Bg7 5.e3 Nge7 6.Nge2 O-O 7.O-O d6 8.Rb1 
Bf5 9.d3 Qd7 10.b4 Rfc8 11.b5 Nd8 12.a4 Bh3 13.Bxh3 Qxh3 14.e4 Qd7 15.Be3 
Ne6 16.a5 a6 17.Nd5 axb5 18.Rxb5 Nxd5 19.exd5 Nd8 20.Bd2 Qf5 21.Rb3 c6 22.
Nc3 Qxd3 23.Na4 Qxc4 24.Nb6 Qe4 25.Re1 Qf5 26.Be3 Rxa5 27.g4 Qf6 28.Nxc8 
Rxd5 29.Qe2 Qe6 30.Nb6 Rd4 31.Bxd4 Qxb3 32.Be3 d5 33.Ra1 d4 34.Bxd4 exd4 
35.Qe8+ Bf8 36.Qxd8 Qe6 37.h3 h5 38.Nd7 Qe7 39.Qxf8+ Qxf8 40.Nxf8 Kxf8 41.
Rb1 hxg4 42.Rxb7 1-0

[Event "69th POL-ch"]
[Site "Warsaw POL"]
[Date "2012.02.21"]
[Round "4"]
[White "Markowski, Tomasz"]
[Black "Strzemiecki, Zbigniew"]
[Result "1/2-1/2"]
[WhiteElo "2612"]
[BlackElo "2402"]
[EventDate "2012.02.18"]
[PlyCount "88"]

1.c4 Nf6 2.Nc3 e5 3.g3 Bb4 4.Bg2 Bxc3 5.dxc3 d6 6.e4 O-O 7.Qe2 Nc6 8.Nf3 
h6 9.O-O Nh7 10.Nh4 Be6 11.Be3 Qd7 12.c5 g5 13.Nf5 Bxf5 14.exf5 Qxf5 15.
cxd6 cxd6 16.Rfd1 Rad8 17.Rd2 Nf6 18.Rad1 d5 19.Bxd5 Nxd5 20.Rxd5 Rxd5 21.
Rxd5 Rd8 22.Rxd8+ Nxd8 23.Bxa7 Nc6 24.Be3 e4 25.Kg2 Ne5 26.h3 Nd3 27.b3 b5
28.Qg4 Qd5 29.c4 bxc4 30.Qc8+ Kh7 31.Qxc4 Qf5 32.Kg1 Qf3 33.g4 Ne1 34.Qf1 
Qd1 35.f4 Nf3+ 36.Kf2 Qc2+ 37.Qe2 Qc3 38.fxg5 hxg5 39.Kf1 Qa1+ 40.Kg2 Nh4+
41.Kf2 Nf3 42.Kg2 Nh4+ 43.Kf2 Nf3 44.Kg2 Nh4+ 1/2-1/2

[Event "69th POL-ch"]
[Site "Warsaw POL"]
[Date "2012.02.21"]
[Round "4"]
[White "Moranda, Wojciech"]
[Black "Kempinski, Robert"]
[Result "0-1"]
[WhiteElo "2568"]
[BlackElo "2610"]
[EventDate "2012.02.18"]
[PlyCount "164"]

1.d4 g6 2.c4 Bg7 3.e4 Nc6 4.Ne2 d6 5.Nbc3 Nf6 6.f3 O-O 7.Be3 a6 8.Qd2 Rb8 
9.Rc1 Bd7 10.Nd1 e6 11.g3 b5 12.c5 b4 13.Bg2 Rb5 14.cxd6 cxd6 15.O-O Qb8 
16.b3 Rc8 17.Nb2 Rb7 18.Rc2 Rbc7 19.Rfc1 Ne8 20.h3 Ne7 21.Rxc7 Rxc7 22.
Rxc7 Nxc7 23.Bf1 a5 24.Nc4 d5 25.exd5 Ncxd5 26.Bf2 a4 27.Ne5 Bxe5 28.dxe5 
Qxe5 29.bxa4 Bxa4 30.Nd4 Qc7 31.Qe2 e5 32.Qa6 Nc3 33.Nb3 Ned5 34.Nc5 Bd1 
35.Bg2 Kg7 36.Qa8 Nf6 37.Kh2 h5 38.Nd3 Qc4 39.Nxe5 Qxa2 40.Qxa2 Nxa2 41.
Bd4 Ne8 42.Kg1 f6 43.Nc4 Nc1 44.Kf2 Nd3+ 45.Ke3 Ne1 46.Kf2 Nxg2 47.Kxg2 
Kf7 48.Kf2 Ke6 49.Ne3 Ba4 50.h4 Nd6 51.g4 Nb5 52.Bxf6 Kxf6 53.Nd5+ Kg7 54.
Nxb4 Nd4 55.Nd3 Bd1 56.Ke3 Ne6 57.Nf2 Bc2 58.Kd2 Bb1 59.Ke3 Kf6 60.Nd1 Bc2
61.Nb2 Nc7 62.Kd4 Ke6 63.Kc3 Bb1 64.Kd4 Nd5 65.Nc4 Nf4 66.Ke3 Ng2+ 67.Kf2 
Ba2 68.Nd2 Nf4 69.Ke3 Ke5 70.Nf1 Be6 71.gxh5 Nxh5 72.Nh2 Nf6 73.Nf1 Nd5+ 
74.Kf2 Nf4 75.Ng3 Bd5 76.Nf1 Bc6 77.Kg3 Nh5+ 78.Kg4 Kf6 79.f4 Bb5 80.Ne3 
Be2+ 81.Kh3 Nxf4+ 82.Kg3 Ke5 0-1